<?xml version="1.0" encoding="UTF-8"?>
<collection xmlns="http://www.loc.gov/MARC21/slim">
 <record>
  <leader>02941nam a2200325 a 4500</leader>
  <controlfield tag="001">1/44981</controlfield>
  <controlfield tag="008">140722s2003    ne            001 0 eng  </controlfield>
  <datafield tag="020" ind1=" " ind2=" ">
   <subfield code="a">0585449937 (electronic bk.)</subfield>
  </datafield>
  <datafield tag="020" ind1=" " ind2=" ">
   <subfield code="a">9780585449937 (electronic bk.)</subfield>
  </datafield>
  <datafield tag="020" ind1=" " ind2=" ">
   <subfield code="a">9781558608603</subfield>
  </datafield>
  <datafield tag="020" ind1=" " ind2=" ">
   <subfield code="a">1558608605</subfield>
  </datafield>
  <datafield tag="035" ind1=" " ind2=" ">
   <subfield code="l">47938</subfield>
  </datafield>
  <datafield tag="040" ind1=" " ind2=" ">
   <subfield code="a">N$T</subfield>
   <subfield code="b">eng</subfield>
   <subfield code="c">N$T</subfield>
   <subfield code="d">OCLCQ</subfield>
   <subfield code="d">YDXCP</subfield>
   <subfield code="d">OCLCQ</subfield>
   <subfield code="d">TNF</subfield>
   <subfield code="d">TULIB</subfield>
   <subfield code="d">OCLCQ</subfield>
   <subfield code="d">OPELS</subfield>
   <subfield code="d">OCLCO</subfield>
   <subfield code="d">OCLCE</subfield>
   <subfield code="d">E7B</subfield>
   <subfield code="d">OCLCF</subfield>
   <subfield code="d">GR-PeUP</subfield>
  </datafield>
  <datafield tag="100" ind1="1" ind2=" ">
   <subfield code="a">Blinn, Jim.</subfield>
  </datafield>
  <datafield tag="245" ind1="1" ind2="0">
   <subfield code="a">Jim Blinn's corner</subfield>
   <subfield code="h">[electronic resource] :</subfield>
   <subfield code="b">notation, notation, notation /</subfield>
   <subfield code="c">Jim Blinn.</subfield>
  </datafield>
  <datafield tag="246" ind1="3" ind2="0">
   <subfield code="a">Notation, notation, notation</subfield>
  </datafield>
  <datafield tag="260" ind1=" " ind2=" ">
   <subfield code="a">Amsterdam ;</subfield>
   <subfield code="a">Boston :</subfield>
   <subfield code="b">Morgan Kaufman Publishers,</subfield>
   <subfield code="c">c2003.</subfield>
  </datafield>
  <datafield tag="300" ind1=" " ind2=" ">
   <subfield code="a">1 online resource (viii, 327 p.) :</subfield>
   <subfield code="b">ill.</subfield>
  </datafield>
  <datafield tag="490" ind1="1" ind2=" ">
   <subfield code="a">Morgan Kaufmann series in computer graphics and geometric modeling</subfield>
  </datafield>
  <datafield tag="500" ind1=" " ind2=" ">
   <subfield code="a">Includes index.</subfield>
  </datafield>
  <datafield tag="505" ind1="0" ind2=" ">
   <subfield code="a">Preface -- Color Plates -- Chapter 1 How to Draw a Sphere Part I, Basic Math (January 1995) -- Chapter 2 How to Draw a Sphere Part II, Coordinate Systems (March 1995) -- Chapter 3 How to Draw a Sphere Part III, The Hyperbolic Horizon (September 1995) -- Chapter 4 The Truth about Texture Mapping (March 1990) -- Chapter 5 Consider the Lowly 2x2 Matrix (March 1996) -- Chapter 6 Calculating Screen Coverage (May 1996) -- Chapter 7 Fugue for MMX (March-April 1997) -- Chapter 8 Floating Point Tricks (July-August 1997) -- Chapter 9 A Ghost in a Snowstorm (January-February 1998) -- Chapter 10 W Pleasure, W Fun (May-June 1998) -- Chapter 11 Ten More Unsolved Problems in Computer Graphics (September-October 1998) -- Chapter 12 The Cross Ratio (November-December 1998) -- Chapter 13 Inferring Transforms (May-June1999) -- Chapter 14 How Many Different Rational Parametric Cubic Curves Are There? Part I, Inflection Points (July-August 1999) -- Chapter 15 How Many Different Rational Parametric Cubic Curves Are There? Part II, The &quot;Same&quot; Game (November-December 1999) -- Chapter 16 How Many Different Rational Parametric Cubic Curves Are There? Part III, The Catalog (March-April 2000) -- Chapter 17 A Bright, Shiny Future (January 2000) -- Chapter 18 Optimizing C++ Vector Expressions (July-August 2000) -- Chapter 19 Polynomial Discriminants Part I, Matrix Magic (November-December 2000) -- Chapter 20 Polynomial Discriminants Part II, Tensor Diagrams (January-February 2001) -- Chapter 21 Tensor Contraction in C++ (March-April 2001).</subfield>
  </datafield>
  <datafield tag="650" ind1=" " ind2="4">
   <subfield code="a">Computer graphics.</subfield>
  </datafield>
  <datafield tag="655" ind1=" " ind2="4">
   <subfield code="a">Electronic books.</subfield>
  </datafield>
  <datafield tag="830" ind1=" " ind2="0">
   <subfield code="a">Morgan Kaufmann series in computer graphics and geometric modeling.</subfield>
  </datafield>
  <datafield tag="852" ind1=" " ind2=" ">
   <subfield code="a">INST</subfield>
   <subfield code="b">UNIPILB</subfield>
   <subfield code="c">EBOOKS</subfield>
   <subfield code="e">20100621</subfield>
   <subfield code="p">00b47938</subfield>
   <subfield code="q">00b47938</subfield>
   <subfield code="t">ONLINE</subfield>
   <subfield code="y">0</subfield>
  </datafield>
  <datafield tag="856" ind1="4" ind2="0">
   <subfield code="3">ScienceDirect</subfield>
   <subfield code="u">http://www.sciencedirect.com/science/book/9781558608603</subfield>
  </datafield>
  <datafield tag="856" ind1="4" ind2=" ">
   <subfield code="d">/webopac/covers/03/47938_0585449937.jpg</subfield>
   <subfield code="z">(electronic bk.)</subfield>
  </datafield>
  <datafield tag="856" ind1="4" ind2=" ">
   <subfield code="d">/webopac/covers/03/47938_9780585449937.jpg</subfield>
   <subfield code="z">(electronic bk.)</subfield>
  </datafield>
  <datafield tag="856" ind1="4" ind2=" ">
   <subfield code="d">/webopac/covers/03/47938_9781558608603.jpg</subfield>
  </datafield>
  <datafield tag="856" ind1="4" ind2=" ">
   <subfield code="d">/webopac/covers/03/47938_1558608605.jpg</subfield>
  </datafield>
 </record>
</collection>
